000 00507nam a22001817a 4500
005 20241125071600.0
008 241125b |||||||| |||| 00| 0 eng d
020 _a0702138428
041 _aEnglish
082 _a346.1 CHI
100 _lEnglish
245 _aChildren's Rights /
_cedited by R Keightley
250 _aFirst Edition
260 _aCape Town:
_bJuta and Company Ltd,
_c1996
300 _b214 pages;
_c25 cm.
650 _aLegal practice
_bLaw
942 _cBK
_6ALISON_BN_VRIES
999 _c3255
_d3255